Green photo-active nanomaterials : (Record no. 597947)
[ view plain ]
| 000 -LEADER | |
|---|---|
| fixed length control field | 00244nam a2200097Ia 4500 |
| 008 - FIXED-LENGTH DATA ELEMENTS--GENERAL INFORMATION | |
| fixed length control field | 230907s9999||||xx |||||||||||||| ||und|| |
| 082 ## - DEWEY DECIMAL CLASSIFICATION NUMBER | |
| Classification number | 620.50286,GRE |
| 245 #0 - TITLE STATEMENT | |
| Title | Green photo-active nanomaterials : |
| 300 ## - PHYSICAL DESCRIPTION | |
| Extent | xvii, 414 pages : |
| 942 ## - ADDED ENTRY ELEMENTS (KOHA) | |
| Koha item type | Book |
| Withdrawn status | Lost status | Damaged status | Not for loan | Permanent Location | Current Location | Date acquired | Total Checkouts | Full call number | Barcode | Date last seen | Price effective from | Koha item type |
|---|---|---|---|---|---|---|---|---|---|---|---|---|
| US-Pakistan Center for Advanced Studies in Energy (USPCAS-E) | US-Pakistan Center for Advanced Studies in Energy (USPCAS-E) | 05/15/2018 | 620.50286,GRE | CAS-E0002046 | 09/12/2023 | 09/12/2023 | Book |
